[Event "20. Intern. Travemünder Schach-Open"]
[Site "?"]
[Date "2003.12.27"]
[Round "1"]
[White "Jess, Stefan"]
[Black "Kopylov, Michael"]
[Result "0-1"]
[WhiteElo "1763"]
[BlackElo "2445"]
[PlyCount "68"]
[EventDate "2003.??.??"]

1. e4 Nf6 2. Nc3 d5 3. e5 Nfd7 4. d4 c5 5. Be3 e6 6. f4 cxd4 7. Bxd4 Nc6 8. Bf2
f6 9. Bd3 Qa5 10. Qh5+ g6 11. Bxg6+ hxg6 12. Qxh8 d4 13. Bxd4 Nxd4 14. O-O-O
fxe5 15. fxe5 Qc5 16. Nf3 Nxf3 17. gxf3 Qxe5 18. Qh4 Kf7 19. Rhe1 Qf6 20. Qc4
Nc5 21. Ne4 Qf4+ 22. Kb1 b6 23. Rd4 Nxe4 24. Rdxe4 Qd6 25. Rh4 Bg7 26. Qe4 Qd5
27. Qf4+ Kg8 28. Qc7 Bd7 29. c3 Rc8 30. Qg3 Qd3+ 31. Ka1 Rxc3 32. Qb8+ Rc8 33.
Qg3 Qd2 34. Rb1 Qxb2+ 0-1

[Event "21. Intern. Travemünder Schach-Open"]
[Site "?"]
[Date "2004.12.27"]
[Round "1"]
[White "Jobava (GM), Baadur"]
[Black "Rickert, Heiko"]
[Result "1-0"]
[WhiteElo "2615"]
[BlackElo "1833"]
[PlyCount "83"]
[EventDate "2004.??.??"]

1. e4 c5 2. Nf3 Nc6 3. d4 cxd4 4. Nxd4 g6 5. Be2 Bg7 6. Nb3 d6 7. O-O Nf6 8.
Nc3 O-O 9. Re1 Bd7 10. Bf1 Rc8 11. Bg5 h6 12. Bh4 Ne5 13. Qd2 Kh7 14. Rad1 Bg4
15. Rc1 Nc4 16. Bxc4 Rxc4 17. f3 Be6 18. Bf2 a6 19. Ne2 Rc8 20. Nf4 Bxb3 21.
axb3 Nd7 22. c3 Nc5 23. Qc2 Qe8 24. b4 Nd7 25. Rcd1 Ne5 26. Nd5 Nc6 27. f4 e5
28. f5 gxf5 29. exf5 f6 30. Qe4 Ne7 31. Nf4 d5 32. Nxd5 Nxd5 33. Rxd5 b5 34.
Bc5 Rg8 35. Red1 Qc6 36. Qe2 Ra8 37. Rd7 Kh8 38. R1d6 Qc8 39. Qh5 a5 40. Be3
axb4 41. Bxh6 Ra1+ 42. Bc1+ 1-0

[Event "21. Intern. Travemünder Schach-Open"]
[Site "?"]
[Date "2004.12.27"]
[Round "1"]
[White "Bendfeld, Tim"]
[Black "Miroshnichenko (GM), Evge"]
[Result "0-1"]
[WhiteElo "1832"]
[BlackElo "2615"]
[PlyCount "70"]
[EventDate "2004.??.??"]

1. d4 Nf6 2. c4 e6 3. Nf3 b6 4. g3 Ba6 5. Qa4 c5 6. Bg2 Bb7 7. dxc5 Bxc5 8. Nc3
O-O 9. O-O Be7 10. Bg5 a6 11. Qc2 Qc7 12. b3 d6 13. Rac1 Nbd7 14. Rfe1 h6 15.
Bxf6 Bxf6 16. Nd2 Rac8 17. Bxb7 Qxb7 18. Nce4 Be7 19. Qd3 Ne5 20. Qb1 b5 21. f4
Ng4 22. h3 Qa7+ 23. c5 Nf6 24. Nxf6+ Bxf6 25. Ne4 Be7 26. b4 dxc5 27. Nxc5
Bxc5+ 28. bxc5 Rxc5 29. Rxc5 Qxc5+ 30. Kg2 Rc8 31. Kf3 Qh5+ 32. Kg2 Qd5+ 33.
Kf2 Rc3 34. Rd1 Qc5+ 35. Kf1 f5 0-1

[Event "21. Intern. Travemünder Schach-Open"]
[Site "?"]
[Date "2004.12.27"]
[Round "1"]
[White "Maiwald (GM), Jens-Uwe"]
[Black "Lobbes, Frank"]
[Result "1-0"]
[WhiteElo "2524"]
[BlackElo "1830"]
[PlyCount "59"]
[EventDate "2004.??.??"]

1. g3 Nf6 2. Bg2 c6 3. Nf3 d5 4. O-O g6 5. d3 Bg7 6. Nbd2 Qc7 7. e4 dxe4 8.
dxe4 O-O 9. Qe2 e5 10. Nc4 Nfd7 11. a4 Re8 12. Rd1 Nf8 13. b3 Be6 14. Ba3 Bxc4
15. Qxc4 Rd8 16. Rxd8 Qxd8 17. h4 h6 18. Bh3 Qf6 19. Kg2 Nbd7 20. a5 Rd8 21. h5
b5 22. axb6 Nxb6 23. Qe2 Ne6 24. hxg6 Qxg6 25. Bxe6 Qxe6 26. Bc5 Qd7 27. Nh4
Re8 28. Nf5 Re6 29. Bxb6 axb6 30. Qg4 1-0

[Event "21. Intern. Travemünder Schach-Open"]
[Site "?"]
[Date "2004.12.27"]
[Round "1"]
[White "Bohner, Jörg"]
[Black "Rabiega (GM), Robert"]
[Result "0-1"]
[WhiteElo "1828"]
[BlackElo "2524"]
[PlyCount "58"]
[EventDate "2004.??.??"]

1. e4 c5 2. Nc3 Nc6 3. g3 g6 4. Bg2 Bg7 5. d3 d6 6. f4 e6 7. Nf3 Nge7 8. O-O
O-O 9. Ne2 b6 10. g4 d5 11. Ng3 dxe4 12. Nxe4 Nd5 13. Kh1 f5 14. gxf5 exf5 15.
Neg5 h6 16. c3 hxg5 17. Nxg5 Bf6 18. Qb3 Nce7 19. c4 Nc7 20. Bxa8 Nxa8 21. Nf3
Bb7 22. Be3 Nc7 23. Kg1 Ne6 24. Ne5 Bxe5 25. fxe5 f4 26. Bd2 Qd4+ 27. Rf2 Ng5
28. Kf1 Nh3 29. Re2 Qg1# 0-1

[Event "21. Intern. Travemünder Schach-Open"]
[Site "?"]
[Date "2004.12.27"]
[Round "1"]
[White "Kalinitschew (GM), Sergej"]
[Black "Wending, Hannes"]
[Result "1-0"]
[WhiteElo "2517"]
[BlackElo "1827"]
[PlyCount "49"]
[EventDate "2004.??.??"]

1. d4 d5 2. c4 c6 3. Nf3 Nf6 4. e3 a6 5. Bd3 Bg4 6. Qb3 Bxf3 7. gxf3 Qd7 8. Nc3
e6 9. Bd2 Bd6 10. e4 dxe4 11. fxe4 e5 12. Na4 exd4 13. Nb6 Qd8 14. Nxa8 b5 15.
a4 Nbd7 16. axb5 Nc5 17. Qc2 Qxa8 18. bxa6 O-O 19. f3 Rb8 20. b4 Ncd7 21. c5
Bc7 22. f4 Re8 23. e5 Nd5 24. Bxh7+ Kh8 25. Be4 1-0

[Event "21. Intern. Travemünder Schach-Open"]
[Site "?"]
[Date "2004.12.27"]
[Round "1"]
[White "Reebehn, Heinrich"]
[Black "Meister (IM), Jakov"]
[Result "0-1"]
[WhiteElo "1819"]
[BlackElo "2505"]
[PlyCount "94"]
[EventDate "2004.??.??"]

1. d4 Nf6 2. c4 e6 3. Nc3 Bb4 4. Qc2 c5 5. e3 O-O 6. Nf3 d5 7. a3 cxd4 8. Nxd4
Bc5 9. Nf3 a5 10. Bd3 Nc6 11. cxd5 exd5 12. O-O Bg4 13. Be2 Qe7 14. Re1 Rac8
15. Qd1 Rfd8 16. Nd4 Bxe2 17. Ncxe2 Ne4 18. Nxc6 Rxc6 19. Nd4 Rg6 20. f3 Ng5
21. Kh1 Ne6 22. Bd2 Bb6 23. Bc3 Bxd4 24. exd4 b6 25. Re5 Qd7 26. Qd2 Nf8 27.
Rae1 Re6 28. f4 Rxe5 29. fxe5 Rc8 30. Qe3 Rc6 31. Rf1 Rg6 32. h3 Ne6 33. Rf3
Ng5 34. Rg3 Ne4 35. Rxg6 hxg6 36. Be1 g5 37. Bc3 g4 38. hxg4 Qxg4 39. Be1 Qd1
40. Kh2 a4 41. Bb4 g5 42. Qf3 Qxd4 43. Qf5 Qf2 44. Qc8+ Kh7 45. Qe8 Qf4+ 46.
Kg1 Ng3 47. e6 Ne2+ 0-1

[Event "21. Intern. Travemünder Schach-Open"]
[Site "?"]
[Date "2004.12.27"]
[Round "1"]
[White "Voloshin (GM), Leonid"]
[Black "Fölsing, Kilian Morit"]
[Result "1-0"]
[WhiteElo "2494"]
[BlackElo "1810"]
[PlyCount "69"]
[EventDate "2004.??.??"]

1. d4 Nf6 2. c4 g6 3. Nc3 d5 4. Bg5 Ne4 5. Bf4 Nxc3 6. bxc3 dxc4 7. Qa4+ c6 8.
Qxc4 Nd7 9. Nf3 Bg7 10. e3 Nb6 11. Qb3 Be6 12. c4 O-O 13. Rd1 h6 14. Be2 Qc8
15. O-O Rd8 16. a4 Nd7 17. h3 f5 18. Rc1 c5 19. d5 Bf7 20. Rfd1 e6 21. dxe6
Bxe6 22. Rd6 Bf7 23. Rcd1 Bf8 24. R6d2 a5 25. Ne5 Be8 26. Bf3 Nxe5 27. Rxd8
Nxf3+ 28. gxf3 Qxd8 29. Rxd8 Rxd8 30. Qxb7 Bxa4 31. Qb6 Ra8 32. Qxg6+ Bg7 33.
Qe6+ Kh8 34. Be5 Bb3 35. Qxh6+ 1-0

[Event "21. Intern. Travemünder Schach-Open"]
[Site "?"]
[Date "2004.12.27"]
[Round "1"]
[White "Günther, Patrick"]
[Black "Mainka (GM), Ramuald"]
[Result "0-1"]
[WhiteElo "1809"]
[BlackElo "2461"]
[PlyCount "92"]
[EventDate "2004.??.??"]

1. e4 c5 2. Nf3 e6 3. d4 cxd4 4. Nxd4 a6 5. Bd3 Nf6 6. O-O Qc7 7. Qe2 d6 8. Nc3
Be7 9. Kh1 Bd7 10. f4 Nc6 11. Nf3 O-O 12. e5 Nd5 13. Nxd5 exd5 14. b3 Bg4 15.
Bb2 dxe5 16. fxe5 Nb4 17. h3 Nxd3 18. cxd3 Bh5 19. Qf2 Bg6 20. Rfd1 Rac8 21.
Qe2 Rfe8 22. Rac1 Qd7 23. Rxc8 Rxc8 24. Rc1 Rxc1+ 25. Bxc1 Qb5 26. Ne1 h6 27.
Bf4 Kh7 28. Kh2 Qb4 29. Qd2 Qd4 30. Qe3 Qc3 31. Qd2 Bb4 32. Qxc3 Bxc3 33. Bg3
Bh5 34. Nf3 Bxf3 35. gxf3 g5 36. Kg2 Kg6 37. f4 Kf5 38. Kf3 Bb2 39. Bf2 gxf4
40. d4 Bc3 41. Bg1 Be1 42. Bh2 Bg3 43. Bg1 b5 44. a3 h5 45. a4 bxa4 46. bxa4 a5
0-1

[Event "21. Intern. Travemünder Schach-Open"]
[Site "?"]
[Date "2004.12.27"]
[Round "1"]
[White "Kupreychik (GM), Victor"]
[Black "Doossche, Carlo"]
[Result "1-0"]
[WhiteElo "2454"]
[BlackElo "1808"]
[PlyCount "37"]
[EventDate "2004.??.??"]

1. e4 e5 2. Nf3 Nf6 3. Nxe5 d6 4. Nf3 Nxe4 5. c4 Be7 6. Nc3 Nf6 7. d4 d5 8.
cxd5 Nxd5 9. Bc4 Nxc3 10. bxc3 O-O 11. O-O c5 12. Re1 cxd4 13. cxd4 Nc6 14. d5
Bf6 15. Ba3 Na5 16. Bb5 Bd7 17. Bxd7 Qxd7 18. Bxf8 Bxa1 19. Bb4 1-0

[Event "21. Intern. Travemünder Schach-Open"]
[Site "?"]
[Date "2004.12.27"]
[Round "1"]
[White "Lützen, Matthias"]
[Black "Muse (GM), Mladen"]
[Result "0-1"]
[WhiteElo "1805"]
[BlackElo "2448"]
[PlyCount "34"]
[EventDate "2004.??.??"]

1. c4 e5 2. Nc3 Nf6 3. Nf3 Nc6 4. g3 d5 5. cxd5 Nxd5 6. Bg2 Nb6 7. O-O Be7 8.
a3 g5 9. b4 g4 10. Ne1 h5 11. Nd3 Bd6 12. Nc5 h4 13. d3 hxg3 14. fxg3 Bxc5+ 15.
bxc5 Qd4+ 16. e3 Qxc3 17. Bd2 Qxc5 0-1

[Event "21. Intern. Travemünder Schach-Open"]
[Site "?"]
[Date "2004.12.27"]
[Round "1"]
[White "Haack, Stefan"]
[Black "Boe (FM), Mads"]
[Result "0-1"]
[WhiteElo "1787"]
[BlackElo "2376"]
[PlyCount "82"]
[EventDate "2004.??.??"]

1. e4 e5 2. Nf3 d6 3. d4 Nf6 4. Nc3 Nbd7 5. Bc4 Be7 6. O-O O-O 7. Re1 c6 8. Bg5
b5 9. Bd3 a6 10. a4 Bb7 11. Qd2 Qc7 12. Ne2 Rfe8 13. Ng3 Bf8 14. Nf5 exd4 15.
Bxf6 Nxf6 16. Qg5 c5 17. axb5 axb5 18. Rxa8 Bxa8 19. Bxb5 Rxe4 20. Rxe4 Bxe4
21. Bd3 Qd7 22. Bxe4 Nxe4 23. Qg4 Qe6 24. Qf4 h6 25. h4 Nf6 26. Ng3 Nd5 27. Qe4
Be7 28. Qf5 Bf6 29. Kf1 Nb4 30. Qxe6 fxe6 31. Ne4 Be7 32. c3 dxc3 33. bxc3 Nc6
34. Ke2 d5 35. Ned2 c4 36. g4 Kf7 37. h5 Bf6 38. Nb1 e5 39. Ke3 e4 40. Nfd2 Ne5
41. Kd4 Ke6 0-1

[Event "21. Intern. Travemünder Schach-Open"]
[Site "?"]
[Date "2004.12.27"]
[Round "1"]
[White "Kölsch, Maximilian"]
[Black "Pogorelov (GM), Ruslan"]
[Result "0-1"]
[WhiteElo "1803"]
[BlackElo "2421"]
[PlyCount "78"]
[EventDate "2004.??.??"]

1. d4 Nf6 2. c4 e6 3. Nf3 b6 4. a3 Ba6 5. Qc2 Bb7 6. Nc3 c5 7. e4 cxd4 8. Nxd4
d6 9. Bd3 Be7 10. O-O a6 11. Be3 Nbd7 12. f4 O-O 13. Rae1 Rc8 14. Nf3 Qc7 15.
Kh1 g6 16. b4 b5 17. e5 bxc4 18. Bxg6 hxg6 19. exf6 Bxf6 20. Ne2 Bxf3 21. Rxf3
Kg7 22. Nd4 Rh8 23. Rg3 Nf8 24. Nf3 Rh5 25. Ng5 d5 26. Qf2 Nh7 27. Bd4 Qe7 28.
Bc5 Rxc5 29. bxc5 Nxg5 30. fxg5 Bxg5 31. Rf3 Rh8 32. Rf1 f5 33. g4 f4 34. Qb2+
e5 35. Re1 d4 36. Qe2 c3 37. Qc4 Rc8 38. c6 Qd6 39. Qxa6 Qxc6 0-1

[Event "21. Intern. Travemünder Schach-Open"]
[Site "?"]
[Date "2004.12.27"]
[Round "1"]
[White "Knuth, Hannes"]
[Black "Simon, Christopher"]
[Result "1-0"]
[WhiteElo "2299"]
[BlackElo "1745"]
[PlyCount "63"]
[EventDate "2004.??.??"]

1. d4 d5 2. c4 e6 3. Nc3 Nf6 4. Bg5 Nbd7 5. cxd5 exd5 6. e3 c6 7. Bd3 Be7 8.
Qc2 h6 9. Bf4 a5 10. Nf3 Nb6 11. O-O Be6 12. h3 Nbd7 13. Ne5 c5 14. dxc5 Bxc5
15. Bb5 O-O 16. Rfd1 Rc8 17. Qe2 Bb4 18. Nxd7 Bxd7 19. Nxd5 Nxd5 20. Rxd5 Bxb5
21. Qxb5 Qf6 22. a3 Qxb2 23. Be5 Rc1+ 24. Kh2 Qxf2 25. Rxc1 Qxe3 26. Rf1 Qxa3
27. Qc4 Qa4 28. Qg4 g6 29. Qh4 Qc6 30. Qxh6 f6 31. Qxg6+ Kh8 32. Bxf6+ 1-0

[Event "21. Intern. Travemünder Schach-Open"]
[Site "?"]
[Date "2004.12.27"]
[Round "1"]
[White "Friedrich, Paul-R"]
[Black "Glienke, Manfred"]
[Result "0-1"]
[WhiteElo "1750"]
[BlackElo "2295"]
[PlyCount "56"]
[EventDate "2004.??.??"]

1. d4 d5 2. c4 e6 3. Nc3 Nf6 4. Nf3 Be7 5. e3 O-O 6. Bd3 c5 7. O-O Nc6 8. cxd5
exd5 9. dxc5 Bxc5 10. Na4 Be7 11. b3 Bg4 12. Bb2 Rc8 13. Be2 h6 14. Nd4 Bd7 15.
Nxc6 Bxc6 16. Qd4 a6 17. Nb6 Rc7 18. Bf3 Qd6 19. Rac1 Rd8 20. Rfd1 Bf8 21. g3
Qe6 22. Qe5 Bd6 23. Qd4 Bf8 24. e4 dxe4 25. Qxd8 exf3 26. Bxf6 Qh3 27. Qxf8+
Kxf8 28. Rd8+ Be8 0-1

[Event "21. Intern. Travemünder Schach-Open"]
[Site "?"]
[Date "2004.12.27"]
[Round "1"]
[White "Trisic, Alexander"]
[Black "Meurer, Markus"]
[Result "1-0"]
[WhiteElo "2295"]
[BlackElo "1722"]
[PlyCount "107"]
[EventDate "2004.??.??"]

1. d4 Nf6 2. Nf3 g6 3. c4 c5 4. Nc3 cxd4 5. Nxd4 Bg7 6. g3 O-O 7. Bg2 Nc6 8.
O-O a6 9. c5 Qc7 10. Na4 Rb8 11. Nb6 Ne8 12. Be3 Qe5 13. Nxc6 dxc6 14. Bf4 Qxc5
15. Na4 Qa7 16. Qd8 Bf6 17. Be3 b6 18. Bxb6 Qb7 19. Qd2 Nd6 20. Rac1 Bd7 21.
Rfd1 Be8 22. b3 Nb5 23. Ba5 Bd4 24. e3 Ba7 25. h4 Rc8 26. Nc5 Bxc5 27. Rxc5 Nc7
28. h5 Ne6 29. Re5 Ng7 30. h6 Nf5 31. e4 f6 32. Rc5 Nd6 33. e5 Qa7 34. b4 Nb7
35. Rc3 Nxa5 36. bxa5 fxe5 37. Qe2 e6 38. Rd2 Qc7 39. Rc5 Bd7 40. Qxe5 Qxe5 41.
Rxe5 Rc7 42. Bf1 Ra8 43. Bc4 Kf7 44. Rde2 c5 45. Rb2 Kf6 46. f4 Rc6 47. Rb7 Ke7
48. Bd5 Rd6 49. Rxd7+ Rxd7 50. Rxe6+ Kf7 51. Rd6+ Ke7 52. Rxd7+ Kxd7 53. Bxa8
Kc7 54. Be4 1-0

[Event "21. Intern. Travemünder Schach-Open"]
[Site "?"]
[Date "2004.12.27"]
[Round "1"]
[White "Fröhlich, Sascha"]
[Black "Schippan, Bernhard"]
[Result "0-1"]
[WhiteElo "1709"]
[BlackElo "2287"]
[PlyCount "66"]
[EventDate "2004.??.??"]

1. d4 Nf6 2. Nf3 g6 3. Bg5 Bg7 4. c3 O-O 5. Nbd2 h6 6. Bf4 Nh5 7. Bg3 d6 8. e3
Nd7 9. Bd3 Qe8 10. Qc2 e5 11. O-O-O f5 12. Rhe1 Kh8 13. Nh4 d5 14. dxe5 Nxe5
15. Bf1 Nxg3 16. hxg3 Ng4 17. Nb3 g5 18. Nf3 c6 19. Bd3 Ne5 20. Nxe5 Qxe5 21.
Kb1 a5 22. Re2 a4 23. Nd4 Qf6 24. Nf3 a3 25. Rh1 axb2 26. Qxb2 b5 27. Qb4 Bd7
28. Qc5 b4 29. Nd4 bxc3 30. Qxc3 Qd6 31. Qc2 c5 32. Nxf5 Bxf5 33. Bxf5 Qe5 0-1

[Event "21. Intern. Travemünder Schach-Open"]
[Site "?"]
[Date "2004.12.27"]
[Round "1"]
[White "Salov, Sergej"]
[Black "Müller, Sebastian"]
[Result "1/2-1/2"]
[WhiteElo "2285"]
[BlackElo "1709"]
[PlyCount "55"]
[EventDate "2004.??.??"]

1. e4 c6 2. d4 d5 3. Nd2 dxe4 4. Nxe4 Bf5 5. Ng3 Bg6 6. h4 h6 7. Nf3 Nd7 8. h5
Bh7 9. Bd3 Bxd3 10. Qxd3 e6 11. Bd2 Qc7 12. O-O-O O-O-O 13. Ne4 Nc5 14. Nxc5
Bxc5 15. Rh4 Nf6 16. Qe2 Bd6 17. c4 c5 18. Bc3 cxd4 19. Nxd4 Bc5 20. Nb3 Rxd1+
21. Kxd1 Rd8+ 22. Kc2 Be7 23. g3 Qc6 24. a3 a6 25. Nd4 Qa4+ 26. Kc1 Nd7 27. Rh1
Bf6 28. Rd1 1/2-1/2

[Event "21. Intern. Travemünder Schach-Open"]
[Site "?"]
[Date "2004.12.27"]
[Round "1"]
[White "Jablonowski, Christoph"]
[Black "Jacob, Gunnar"]
[Result "0-1"]
[WhiteElo "1706"]
[BlackElo "2283"]
[PlyCount "72"]
[EventDate "2004.??.??"]

1. d4 d5 2. c4 Nc6 3. e3 e5 4. dxe5 d4 5. exd4 Qxd4 6. Qxd4 Nxd4 7. Bd3 Bg4 8.
Nc3 O-O-O 9. Bf4 Ne7 10. Nge2 Ng6 11. Bg3 Bb4 12. O-O-O Bxc3 13. Nxc3 Bxd1 14.
Rxd1 Ne6 15. Ne2 Nc5 16. Bf5+ Kb8 17. Rd5 Ne6 18. f4 Ne7 19. Rxd8+ Rxd8 20.
Bxh7 g6 21. Bh4 Re8 22. Bxe7 Rxe7 23. g4 Re8 24. f5 Nf8 25. e6 gxf5 26. Bxf5
Nxe6 27. h4 c6 28. h5 Ng5 29. Nc3 Kc7 30. Kd2 Kd6 31. Kd3 Nf3 32. Ne4+ Ke5 33.
Ke3 Nd4 34. Bh7 f5 35. Bxf5 Nxf5+ 36. gxf5 Kxf5 0-1

[Event "21. Intern. Travemünder Schach-Open"]
[Site "?"]
[Date "2004.12.27"]
[Round "1"]
[White "Laubsch, Bernd"]
[Black "Hartmann, Christian"]
[Result "1-0"]
[WhiteElo "2276"]
[BlackElo "2097"]
[PlyCount "63"]
[EventDate "2004.??.??"]

1. e4 g6 2. d4 Bg7 3. Nc3 d6 4. Be3 Nf6 5. f3 a6 6. Qd2 Nc6 7. g4 e5 8. d5 Nd4
9. O-O-O Nb5 10. Bxb5+ axb5 11. Nxb5 Rxa2 12. Kb1 Ra6 13. Qc3 c5 14. dxc6 Rxc6
15. Qb4 O-O 16. Rxd6 Rxd6 17. Qxd6 Qa5 18. Nc3 Be6 19. Qb6 Ra8 20. Qxa5 Rxa5
21. Nge2 Bf8 22. Rd1 Kg7 23. Bb6 Ra6 24. Bc7 Nd7 25. Nd5 Rc6 26. Ba5 Ra6 27.
Bc3 Bc5 28. Nc7 Ba2+ 29. Kc1 Be3+ 30. Bd2 Bxd2+ 31. Rxd2 Ra5 32. Rxd7 1-0

[Event "21. Intern. Travemünder Schach-Open"]
[Site "?"]
[Date "2004.12.27"]
[Round "1"]
[White "Millgramm, Stefan"]
[Black "Degtiarev, Jewgeni"]
[Result "0-1"]
[WhiteElo "1698"]
[BlackElo "2272"]
[PlyCount "44"]
[EventDate "2004.??.??"]

1. d4 Nf6 2. g4 d5 3. g5 Ne4 4. f3 Nd6 5. Nc3 e6 6. e4 Be7 7. e5 Nf5 8. f4 h6
9. Nf3 c5 10. Bb5+ Nc6 11. Bxc6+ bxc6 12. dxc5 hxg5 13. fxg5 Bxc5 14. h4 Qb6
15. Rh2 Ba6 16. g6 Nxh4 17. gxf7+ Kd7 18. Bf4 Be3 19. Bg3 Ng2+ 20. Rxg2 Rh1+
21. Ng1 Bxg1 22. Qf3 Be3+ 0-1

[Event "21. Intern. Travemünder Schach-Open"]
[Site "?"]
[Date "2004.12.27"]
[Round "1"]
[White "Meier, David-Geffrey"]
[Black "Schmidt, Karsten-Rüdiger"]
[Result "1-0"]
[WhiteElo "2258"]
[BlackElo "1692"]
[PlyCount "91"]
[EventDate "2004.??.??"]

1. d4 Nf6 2. c4 c5 3. d5 d6 4. Nc3 g6 5. e4 Bg7 6. f4 O-O 7. Nf3 e6 8. dxe6
fxe6 9. Bd3 Nc6 10. O-O b6 11. Rb1 Bb7 12. f5 exf5 13. exf5 Nd4 14. Nxd4 cxd4
15. Ne2 Ng4 16. Nf4 gxf5 17. h3 Ne3 18. Bxe3 dxe3 19. Qh5 Qf6 20. Rbe1 Rae8 21.
b3 Re5 22. Be2 Qh6 23. Bf3 Qxh5 24. Nxh5 Bxf3 25. Rxf3 Bh6 26. Nf4 Bxf4 27.
Rxf4 Rf6 28. Kf1 Kg7 29. Ke2 d5 30. Kf3 dxc4 31. Rxc4 Rfe6 32. Rc7+ Kg6 33.
Rxa7 e2 34. Rd7 Re3+ 35. Kf2 R3e4 36. Rd2 Rf4+ 37. Kg3 Rfe4 38. Kf3 Kg5 39.
Rdxe2 Rf4+ 40. Kg3 Rc6 41. Re8 Rc3+ 42. R1e3 Rxe3+ 43. Rxe3 Rf1 44. Re5 Kf6 45.
Rb5 f4+ 46. Kg4 1-0

[Event "21. Intern. Travemünder Schach-Open"]
[Site "?"]
[Date "2004.12.27"]
[Round "1"]
[White "Draeger, Klaus"]
[Black "Wichmann, Daniel"]
[Result "0-1"]
[WhiteElo "1692"]
[BlackElo "2255"]
[PlyCount "86"]
[EventDate "2004.??.??"]

1. e4 Nf6 2. Nc3 e5 3. b3 Bb4 4. Nge2 O-O 5. Bb2 Re8 6. Ng3 d5 7. Nxd5 Nxd5 8.
exd5 Qxd5 9. Qe2 Nc6 10. O-O-O a6 11. Qh5 Be6 12. Bd3 g6 13. Qh6 Bf8 14. Qh4
Qd8 15. Qxd8 Raxd8 16. Be4 Bd5 17. h4 f5 18. Bxd5+ Rxd5 19. h5 Rdd8 20. hxg6
hxg6 21. Ne2 Bg7 22. Rh4 Kf7 23. d4 g5 24. Rh7 Kg6 25. Rxg7+ Kxg7 26. dxe5
Rxd1+ 27. Kxd1 Nxe5 28. f4 gxf4 29. Nxf4 Kf7 30. Kd2 Nd7 31. Nd5 Rg8 32. Nf4
Nc5 33. Ke3 Ne6 34. Nxe6 Kxe6 35. Kf3 Rd8 36. Ke2 Kd5 37. a4 Ke4 38. Bc1 Rd6
39. Bd2 Rc6 40. c3 Rg6 41. Kf2 Kd3 42. Bf4 Kxc3 43. Bxc7 b5 0-1

[Event "21. Intern. Travemünder Schach-Open"]
[Site "?"]
[Date "2004.12.27"]
[Round "1"]
[White "Syperek, Sebastian"]
[Black "Jacob, Barbara"]
[Result "1-0"]
[WhiteElo "2249"]
[BlackElo "1683"]
[PlyCount "59"]
[EventDate "2004.??.??"]

1. d4 Nf6 2. Bg5 d5 3. Nf3 Bf5 4. Nbd2 Nbd7 5. e3 h6 6. Bh4 e6 7. Bd3 Bxd3 8.
cxd3 Be7 9. O-O O-O 10. e4 c6 11. Rc1 Nh7 12. Bxe7 Qxe7 13. Qb3 Rab8 14. Rfe1
Qf6 15. Qa3 Ra8 16. Qb4 Nb6 17. Nb3 Ng5 18. Ne5 dxe4 19. dxe4 Rfd8 20. Nc5 Qe7
21. a4 Nc8 22. f4 Nh7 23. Rcd1 Nd6 24. d5 cxd5 25. exd5 a5 26. Qb6 Nc8 27. Qb5
Nd6 28. Qb3 Rac8 29. dxe6 fxe6 30. Nxe6 1-0

[Event "21. Intern. Travemünder Schach-Open"]
[Site "?"]
[Date "2004.12.27"]
[Round "1"]
[White "Ibs, Malte"]
[Black "Frodl, Michael"]
[Result "0-1"]
[WhiteElo "1687"]
[BlackElo "2240"]
[PlyCount "155"]
[EventDate "2004.??.??"]

1. Nf3 d5 2. g3 c6 3. Bg2 Nf6 4. d3 Bg4 5. Nbd2 Nbd7 6. O-O e6 7. Re1 Bc5 8. e4
O-O 9. e5 Ne8 10. Nf1 Bd4 11. Bf4 Bxb2 12. Rb1 Bc3 13. Re2 Qc7 14. h3 Bxf3 15.
Bxf3 Bxe5 16. Bg5 Bf6 17. Bc1 Nd6 18. g4 Nb5 19. Bd2 Nc3 20. Bxc3 Bxc3 21. Rb3
Bf6 22. Qd2 Nc5 23. Rb1 Na4 24. g5 Be5 25. Rb3 Bf4 26. Qb4 b5 27. h4 a6 28. Bg4
c5 29. Qe1 c4 30. dxc4 bxc4 31. Rf3 Nc5 32. Ne3 Bxe3 33. Rexe3 Rab8 34. Qc3
Rb1+ 35. Kg2 Ne4 36. Qa3 Nd2 37. Bxe6 Nxf3 38. Rxf3 Qb7 39. Qd6 Qb8 40. Qxb8
Rbxb8 41. Bxd5 Rb2 42. Bxc4 Rxc2 43. Bxa6 Rxa2 44. Bc4 Ra7 45. Kg3 Rc8 46. Re3
Rac7 47. Ba6 Rd8 48. Bd3 g6 49. Be2 Kf8 50. Bf3 Rd4 51. Be4 Re7 52. f3 Kg7 53.
Rb3 h6 54. Rb5 Rd1 55. Rb2 Rh1 56. Rb5 Rc7 57. Rb2 hxg5 58. hxg5 Rg1+ 59. Kf4
Rc5 60. Rb7 Rgxg5 61. Ke3 Rb5 62. Rc7 Rgc5 63. Ra7 Kf8 64. Ra8+ Ke7 65. Ra7+
Ke6 66. Ra6+ Kd7 67. Ra7+ Rc7 68. Ra6 Ke7 69. Kf4 Rb4 70. Ke3 f5 71. Ba8 Kf7
72. Bd5+ Kg7 73. Ba8 Rd7 74. Ra1 f4+ 75. Ke2 Rb2+ 76. Ke1 Rd8 77. Be4 Rh8 78.
Ra7+ 0-1

[Event "21. Intern. Travemünder Schach-Open"]
[Site "?"]
[Date "2004.12.27"]
[Round "1"]
[White "Dunsbach (FM), Ralf"]
[Black "Magnussen, Helge"]
[Result "1-0"]
[WhiteElo "2239"]
[BlackElo "1685"]
[PlyCount "61"]
[EventDate "2004.??.??"]

1. Nf3 d5 2. c4 dxc4 3. Na3 Nc6 4. Nxc4 Nf6 5. g3 e6 6. Bg2 Bc5 7. O-O O-O 8.
d3 Rb8 9. Nfe5 Nxe5 10. Nxe5 Bd6 11. Nc4 b6 12. e4 Nd7 13. d4 Be7 14. Bf4 Bb7
15. Rc1 Rc8 16. d5 exd5 17. exd5 Ba8 18. Qa4 a6 19. Qxa6 Nc5 20. Qb5 Bxd5 21.
Rfd1 Bxc4 22. Qxc4 Qe8 23. b4 Nd7 24. Bc6 Bd6 25. Bxd6 cxd6 26. Qb5 Rc7 27.
Rxd6 Qc8 28. Kg2 Rd8 29. Rcd1 Rxc6 30. Qxc6 Qxc6+ 31. Rxc6 1-0

[Event "21. Intern. Travemünder Schach-Open"]
[Site "?"]
[Date "2004.12.27"]
[Round "1"]
[White "Denß, Reinhard Uve"]
[Black "Kuhn, Gerd"]
[Result "0-1"]
[WhiteElo "1681"]
[BlackElo "2232"]
[PlyCount "97"]
[EventDate "2004.??.??"]

1. e4 c6 2. d4 d5 3. Nc3 dxe4 4. Nxe4 Bf5 5. f3 e5 6. Be3 Nd7 7. dxe5 Bxe4 8.
fxe4 Qh4+ 9. Bf2 Qxe4+ 10. Qe2 Qxe5 11. Rd1 Be7 12. Bd4 Qxe2+ 13. Bxe2 Ngf6 14.
Nh3 O-O 15. O-O Bc5 16. Kh1 Bxd4 17. Rxd4 Rae8 18. Bc4 Re4 19. Rxe4 Nxe4 20.
Bd3 Nec5 21. Bf5 Nf6 22. b4 Na6 23. a3 Rd8 24. Bd3 Nc7 25. Ng5 Ne6 26. Nf3 Nd5
27. Ne5 f6 28. Nf3 g6 29. Re1 Kf7 30. Bc4 Nec7 31. Rf1 Kg7 32. Rd1 Re8 33. Bxd5
Nxd5 34. c4 Nb6 35. c5 Nd5 36. b5 Re4 37. bxc6 bxc6 38. h3 Rc4 39. Nd4 Ne7 40.
Rd3 Kf7 41. Nb3 a5 42. Nxa5 Rxc5 43. Nb7 Rc1+ 44. Kh2 Nf5 45. a4 h5 46. a5 h4
47. Ra3 Ng3 48. Rxg3 hxg3+ 49. Kxg3 0-1

[Event "21. Intern. Travemünder Schach-Open"]
[Site "?"]
[Date "2004.12.27"]
[Round "1"]
[White "Marcziter, Dmitrii"]
[Black "Remy, Janina"]
[Result "1-0"]
[WhiteElo "2220"]
[BlackElo "1675"]
[PlyCount "73"]
[EventDate "2004.??.??"]

1. d4 Nf6 2. Nf3 g6 3. c4 Bg7 4. g3 c6 5. Bg2 d5 6. cxd5 cxd5 7. Ne5 O-O 8. Nc3
Na6 9. O-O Nc7 10. Qb3 Rb8 11. Nc6 bxc6 12. Qxb8 Nd7 13. Qxa7 Na6 14. Bf4 Qa5
15. a3 Qd8 16. b4 Nb6 17. b5 cxb5 18. Nxb5 Nc4 19. Rab1 e5 20. dxe5 Nxe5 21.
Bxe5 Bxe5 22. Qe3 Re8 23. Qd2 Be6 24. Nd4 Bd6 25. Nxe6 fxe6 26. e4 Nc7 27. exd5
Bxa3 28. Qa2 Qe7 29. dxe6 Bd6 30. Rfe1 Kg7 31. Qb2+ Qf6 32. Qxf6+ Kxf6 33. Bh3
Be5 34. Rb7 Nxe6 35. Rb6 h5 36. Rxe6+ Rxe6 37. Bxe6 1-0

[Event "21. Intern. Travemünder Schach-Open"]
[Site "?"]
[Date "2004.12.27"]
[Round "1"]
[White "Lehnert, Stefan"]
[Black "Issing, Peter"]
[Result "0-1"]
[WhiteElo "1667"]
[BlackElo "2217"]
[PlyCount "38"]
[EventDate "2004.??.??"]

1. d4 Nf6 2. f3 d5 3. e4 c5 4. Nc3 e6 5. Be3 Nc6 6. e5 cxd4 7. Bxd4 Nd7 8. f4
Nxd4 9. Qxd4 Bc5 10. Qd2 Bxg1 11. Rxg1 Qb6 12. Rh1 Qxb2 13. Rb1 Qa3 14. Nb5
Qxa2 15. Nd6+ Kf8 16. Rb3 Nc5 17. Qc3 Nxb3 18. Qc7 Qa5+ 19. Qxa5 Nxa5 0-1